Подход к разработке системы поддержки принятия решений на примере нефтегазодобывающего предприятия; Известия Томского политехнического университета [Известия ТПУ]; Т. 316, № 5: Управление, вычислительная техника и информатика
| Parent link: | Известия Томского политехнического университета [Известия ТПУ]/ Томский политехнический университет (ТПУ).— , 2000- Т. 316, № 5: Управление, вычислительная техника и информатика.— 2010.— [С. 127-131] |
|---|---|
| Hovedforfatter: | |
| Andre forfattere: | , |
| Summary: | Заглавие с титульного листа Электронная версия печатной публикации Рассматривается подход к разработке системы, обеспечивающей поддержку принятия решений задач повседневной управленческой деятельности для лиц, принимающих решения, с целью снижения энергозатрат процесса добычи углеводородов на нефтегазодобывающем предприятии и повышения экологической безопасности этого процесса. Обсуждается архитектура и принципы построения такой системы. |
| Sprog: | russisk |
| Udgivet: |
2010
|
| Serier: | Управление, вычислительная техника и информатика |
| Fag: | |
| Online adgang: | http://www.lib.tpu.ru/fulltext/v/Bulletin_TPU/2010/v316/i5/24.pdf |
| Format: | MixedMaterials Electronisk Book Chapter |
| KOHA link: | https://koha.lib.tpu.ru/cgi-bin/koha/opac-detail.pl?biblionumber=187209 |
MARC
| LEADER | 00000nla2a2200000 4500 | ||
|---|---|---|---|
| 001 | 187209 | ||
| 005 | 20231031173921.0 | ||
| 035 | |a (RuTPU)RU\TPU\book\203135 | ||
| 035 | |a RU\TPU\book\203134 | ||
| 090 | |a 187209 | ||
| 100 | |a 20101111d2010 k y0rusy50 ca | ||
| 101 | 0 | |a rus | |
| 102 | |a RU | ||
| 135 | |a drnn ---uucaa | ||
| 181 | 0 | |a i | |
| 182 | 0 | |a b | |
| 200 | 1 | |a Подход к разработке системы поддержки принятия решений на примере нефтегазодобывающего предприятия |b Электронный ресурс |f Ю. А. Загорулько, И. А. Ануреев, Г. Б. Загорулько | |
| 203 | |a Текст |c электронный | ||
| 215 | |a 1 файл (482 Кб) | ||
| 225 | 1 | |a Управление, вычислительная техника и информатика | |
| 230 | |a Электронные текстовые данные (1 файл : 482 Кб) | ||
| 300 | |a Заглавие с титульного листа | ||
| 300 | |a Электронная версия печатной публикации | ||
| 320 | |a [Библиогр.: с. 131 (6 назв.)] | ||
| 330 | |a Рассматривается подход к разработке системы, обеспечивающей поддержку принятия решений задач повседневной управленческой деятельности для лиц, принимающих решения, с целью снижения энергозатрат процесса добычи углеводородов на нефтегазодобывающем предприятии и повышения экологической безопасности этого процесса. Обсуждается архитектура и принципы построения такой системы. | ||
| 337 | |a Adobe Reader | ||
| 461 | 1 | |0 (RuTPU)RU\TPU\book\176237 |t Известия Томского политехнического университета [Известия ТПУ] |f Томский политехнический университет (ТПУ) |d 2000- | |
| 463 | 1 | |0 (RuTPU)RU\TPU\book\202417 |x 1684-8519 |t Т. 316, № 5: Управление, вычислительная техника и информатика |v [С. 127-131] |d 2010 |p 192 с. | |
| 610 | 1 | |a системы поддержки принятия решений | |
| 610 | 1 | |a онтология задач | |
| 610 | 1 | |a онтология предметной области | |
| 610 | 1 | |a семантические сети | |
| 610 | 1 | |a целочисленное программирование | |
| 610 | 1 | |a электронный ресурс | |
| 700 | 1 | |a Загорулько |b Ю. А. | |
| 701 | 1 | |a Ануреев |b И. А. | |
| 701 | 1 | |a Загорулько |b Г. Б. | |
| 801 | 1 | |a RU |b 63413507 |c 20090623 |g PSBO | |
| 801 | 2 | |a RU |b 63413507 |c 20211222 |g PSBO | |
| 856 | 4 | |u http://www.lib.tpu.ru/fulltext/v/Bulletin_TPU/2010/v316/i5/24.pdf | |
| 942 | |c CF | ||